000 00635nam a22002654a 4500
001 UByD003312
003 AR-LpoUNG
005 20241101101818.0
008 241101s2018 ag o 000 f spa d
020 _a9789500439244
040 _aAR-LpoUNG
_bspa
_cAR-LpoUNG
_eaacr
041 0 _aspa
082 0 _aA863 887len
100 1 _aMortati, Julieta
245 1 3 _aLa lengua alemana
250 _a1ra. ed.
260 _aBuenos Aires :
_bEmecé,
_c2018.
300 _a189 p.
650 4 _aLITERATURA
650 4 _aNOVELAS
650 4 _aNARRATIVA
650 4 _aLITERATURA ARGENTINA
651 4 _aARGENTINA
942 _2ddc
_cLIB
999 _c65976
_d65976